The Location of the Seleucid Akra in Jerusalem (Record no. 531845)
[ view plain ]
| 000 -CABECERA | |
|---|---|
| Campo de control de longitud fija | 00435nab a2200145Ia 4500 |
| 003 - IDENTIFICADOR DEL NÚMERO DE CONTROL | |
| Campo de control | ES-SlBCS |
| 005 - FECHA Y HORA DE LA ÚLTIMA TRANSACCIÓN | |
| Campo de control | 20210601125531.0 |
| 008 - CÓDIGOS DE INFORMACIÓN DE LONGITUD FIJA | |
| Campo de control de longitud fija | 140529s1975 xxu||||| |||| 00| 0 eng d |
| 041 ## - CÓDIGO DE LENGUA | |
| Código de lengua del texto/banda sonora o título independiente | eng |
| 100 1# - PUNTO DE ACCESO PRINCIPAL-NOMBRE DE PERSONA | |
| Nombre de persona | Tsafrir, Yoram |
| 9 (RLIN) | 87404 |
| 245 04 - MENCIÓN DE TÍTULO | |
| Título | The Location of the Seleucid Akra in Jerusalem |
| Mención de responsabilidad, etc. | Yoram Tsafrir |
| 651 #4 - PUNTO DE ACCESO ADICIONAL DE MATERIA-NOMBRE GEOGRÁFICO | |
| Nombre geográfico | Jerusalén |
| 9 (RLIN) | 92390 |
| 773 0# - ENLACE AL DOCUMENTO FUENTE | |
| Título | Revue Biblique Internacionale |
| Parte(s) relacionada(s) | vol. 82, 1975, págs. 501-521 |
| Número de control del registro relacionado | Rev879 |
| 942 ## - ENTRADA DE ELEMENTOS AGREGADOS (KOHA) | |
| Koha [por defecto] tipo de item | Artículos de revista |
| Suprimido | Perdido | Estropeado | No para préstamo | Localización permanente | Localización actual | Localización en estantería | Fecha adquisición | Préstamos totales | Fecha última consulta | Fecha del precio de reemplazo | Tipo de item de Koha |
|---|---|---|---|---|---|---|---|---|---|---|---|
| San Esteban | San Esteban | Depósito de revistas | 11/07/2014 | 11/07/2014 | 11/07/2014 | Artículos de revista |
